| 000 | 00693nam a2200229 i 4500 | ||
|---|---|---|---|
| 001 | 104924 | ||
| 003 | ES-MaACL | ||
| 005 | 20250831072555.0 | ||
| 007 | t| | ||
| 008 | 060529s1950 fr ||||1| fre d | ||
| 080 | _a27 | ||
| 100 | 0 |
_aDaniel-Rops. _942631 |
|
| 245 | 1 | 2 |
_aL'Eglise des temps barbares / _cDaniel-Rops. |
| 260 |
_aParis : _bArthème Fayard, _c[1950] |
||
| 300 |
_a774 p. ; _c19 cm. |
||
| 490 | 1 | _aLes grandes études historiques | |
| 500 | _aBiblioteca Jacinto Martínez Lacalle. | ||
| 650 | 1 | 7 |
_aHistoria eclesiástica _2embne _913400 |
| 830 | 0 | 4 |
_aLes grandes études historiques _9184869 |
| 852 |
_aES-MaACL _jE-11315 _bR.138962 |
||
| 999 |
_c104924 _d104924 |
||